Tilastot visalle Algeria-visa

Klikkaa tästä pelataksesi tätä visaa!

Yleistilastot

  • Tätä visaa on pelattu 309 kertaa
  • Keskiarvotulos 15 / 21

Vastaustilastot

VihjeVastaus% Oikein
NaapurimaaMarokko
97%
NaapurimaaLibya
95%
Euroopan valtio, josta Algeria
itsenäistyi vuonna 1962
Ranska
95%
NaapurimaaTunisia
95%
Pääkaupunki ja suurin kaupunkiAlger
93%
Aavikko, joka kattaa
suurimman osan valtiosta
Sahara
93%
NaapurimaaMali
91%
NaapurimaaNiger
91%
Algeria on suurin valtio Afrikassa.
Mikä on toiseksi suurin?
Kongon dem. tasavalta
90%
NaapurimaaMauritania
88%
Viralliset kieletArabia
87%
Islaminuskoisten algerialaisten prosenttiosuus
yhden prosentin tarkkuudella
99%
77%
Tärkein vientituoteÖljy
72%
Vuoristo Algerian pohjoisosassaAtlasvuoret
58%
ValuuttaDinaari
48%
Toiseksi suurin kaupunki (4 kirjainta)Oran
48%
Viralliset kieletBerberi
44%
Sarja sotia, jotka päättyivät Karthagon
tuhoon ja roomalaisen vallan alkuun
{Puunilais}sodat
44%
Kaksikirjaiminen maakoodiDZ
38%
Mikä oli barbareskien ammatti?Merirosvo
37%
Pohjois-Afrikan alue, johon Algeria kuuluuMaghreb
36%

Tulosjakauma

Persentiili vastausten määrän mukaan

Jokaisen tuloksen saaneiden osuus

Tuloshistoriasi

Et ole pelannut tätä visaa